RAPID PAEDIATRICS AND CHILD HEALTH (Record no. 8359)

MARC details
000 -LEADER
fixed length control field 00459nam a22001817a 4500
005 - DATE AND TIME OF LATEST TRANSACTION
control field 20230819152949.0
008 - FIXED-LENGTH DATA ELEMENTS--GENERAL INFORMATION
fixed length control field 230816b |||||||| |||| 00| 0 eng d
020 ## - INTERNATIONAL STANDARD BOOK NUMBER
ISBN 978-1405-193306
041 ## - LANGUAGE CODE
Language code of text/sound track or separate title eng
082 ## - DEWEY DECIMAL CLASSIFICATION NUMBER
Classification number 618.92 RAP-B
100 ## - MAIN ENTRY--AUTHOR NAME
Personal name BRDUGH, HELEN A. AND NATARAJA, RAM
245 ## - TITLE STATEMENT
Title RAPID PAEDIATRICS AND CHILD HEALTH
250 ## - EDITION STATEMENT
Edition statement 2ND ED., 2010
260 ## - PUBLICATION, DISTRIBUTION, ETC. (IMPRINT)
Name of publisher WILEY BLACKWELL
Year of publication 2010
300 ## - PHYSICAL DESCRIPTION
Number of Pages 263;p
650 ## - SUBJECT ADDED ENTRY--TOPICAL TERM
Topical Term BPT
942 ## - ADDED ENTRY ELEMENTS (KOHA)
Koha item type Books
Holdings
Lost status Damaged status Collection code Home library Current library Shelving location Date acquired Source of acquisition Cost, normal purchase price Full call number Accession Number Koha item type
    Reference JRU Library JRU Library SHELF- 8- B 05/08/2023 PURCHASE 4395.00 618.92 27810 Books
    PHYSIOTHERAPY JRU Library JRU Library SHELF-20-E 05/08/2023 PURCHASE 4395.00 618.92 27811 Books
    PHYSIOTHERAPY JRU Library JRU Library SHELF-20-E 05/08/2023 PURCHASE 4395.00 618.92 27812 Books